000 01037cam a22001694a 4500
005 20250605163654.0
008 250528s ||||||||||||||||||||||||d
035 _a24021
040 _aGR-AtMCL
_bgre
_dGR-AtMCL
_eAACR2
245 1 _aSupply Chain and Logistics / Το Περιοδικό για την Εφοδιαστική Αλυσίδα
260 _bParametros Group
_bScl Magazine,
_c2017
300 _a80
520 _aLogistics Special: Μέτρηση Αποδοτικότητας της Φαρμακευτικής Εφοδιαστικής Αλυσίδας, Απαιτούνται Συνεργασίες σε Επίπεδο Στρατηγικό και Εφοδιαστικής για να Ξαναγίνει η Ελλάδα Ναυτιλιακό Κέντρο, Resilience: The Art of Bouncing Back, Cargo Plus: Αποστολή με τις Αποσκευές Γεμάτες Επέστρεψε από την Ολλανδία η Αποστολή του ΕΕΣΥΜ.
942 _cCR
999 _c8924
_d8924